00335nam a22001217a 4500008004100000020001800041082001200059245004600071260004400117300001100161650002300172650001800195210916b |||||||| |||| 00| 0 eng d a9788182524569 a822/T34 aThe complete works of William Shakespears aMumbai:bWilco Publishing House,c2000. a1030p. aEnglish literature aEnglish drama